000 00618nam a2200241Ia 4500
003 OSt
005 20220918210316.0
006 a|||||r|||| 00| 0
007 ta
008 220917b |||||||| |||| 00| 0 eng d
024 _a119,982
037 _cTextual
040 _aARTS
_cARTS
_beng
041 _2eng
_aeng
082 _aV688.N8, M0
100 _aKarugire S R
_9117764
245 0 _aPolitical history of Uganda
260 _aLondon
_bHeinemann UK
_c1980
300 _aviii, 247p.
_ccm.
650 _aHISTORY
942 _hV688.N8, M0
_cTEXL
_2CC
999 _c243240
_d243240